Catálogo
 En Linea

La situation internationale de la République Dominicaine á partir du 8 février 1907 / (Registro nro. 27155)

Detalles MARC
000 -CABECERA
campo de control de longitud fija 00491nam a2200145 a 4500
001 - NÚMERO DE CONTROL
campo de control 000027663
005 - FECHA Y HORA DE LA ÚLTIMA TRANSACCIÓN
campo de control 20200930031011.0
008 - DATOS DE LONGITUD FIJA--INFORMACIÓN GENERAL
campo de control de longitud fija 110404s1923 xxu 000 0 spa d
040 ## - FUENTE DE LA CATALOGACIÓN
Centro catalogador/agencia de origen DO-SdBNP
Lengua de catalogación eng
Centro/agencia transcriptor BNPHU
049 ## - FONDOS LOCALES (OCLC)
Fondos de biblioteca BNGR
100 1# - ENTRADA PRINCIPAL--NOMBRE DE PERSONA
Nombre de persona Franco Franco, Tulio
9 (RLIN) 54750
245 13 - MENCIÓN DE TÍTULO
Título La situation internationale de la République Dominicaine á partir du 8 février 1907 /
Mención de responsabilidad, etc. Tulio Franco Franco.
260 ## - PUBLICACIÓN, DISTRIBUCIÓN, ETC.
Lugar de publicación, distribución, etc. Paris :
Nombre del editor, distribuidor, etc. Les Presses universitaires de France,
Fecha de publicación, distribución, etc. 1923.
300 ## - DESCRIPCIÓN FÍSICA
Extensión 287 p. ;
Dimensiones 24 cm.
Existencias
Estado de retiro Estado de pérdida Restricciones de uso No para préstamo Código de colección Localización permanente Ubicación/localización actual Ubicación en estantería Fecha de adquisición Número de inventario Total de préstamos Signatura topográfica completa Código de barras Fecha visto por última vez Número de copia Precio válido a partir de Tipo de ítem Koha Nota pública
        Raros y valiosos General General En catalogación 09.08.2011 LF1   27663-30 25.06.2020 e. 3 25.06.2020 Préstamo en sala Perteneció a la biblioteca personal de Martínez Boog.
      Excluido de préstamo Raros y valiosos Patrimonio Dominicano Patrimonio Dominicano Depósito 04.04.2011 LF1   27663-10 25.06.2020   25.06.2020 No se presta Perteneció a la biblioteca personal de Julio Ortega Frier.
      Excluido de préstamo Raros y valiosos Patrimonio Dominicano Patrimonio Dominicano En catalogación 09.08.2011 LF1   27663-20 25.06.2020 e. 2 25.06.2020 No se presta Perteneció a la biblioteca personal de Carlos Larrabazal Blanco.

Con tecnología Koha